000 00449nam a22001817a 4500
003 MPLRDC
005 20220104171706.0
008 210129b ||||| |||| 00| 0 eng d
020 _a0-13-335704-X
082 _a177.3 MER
100 _aMICHAEL W. MERCER, PhD
245 _aHOW WINNERS DO IT
_c
250 _a第一版
260 _a
_bPRENTICE HALL
_c1994
300 _b
650 _a应用心理学--人际关系
942 _cBK
_o177.3 MER
999 _c58582
_d58572